000 00312 a2200157 4500
001 150173
040 _cEscola São Tomás de Aquino
100 _aQUINTANA, Mário
240 1 0 _aSó meu
_lpor
245 1 0 _aSó meu
300 _a37
362 0 _a2007
440 1 _aGlobal
697 _aPoesia
942 _cBK
999 _c150173
_d150173